Morfologie současného portugalského jazyka. I, Slovní druhy neslovesné /

Hlavní autor: Svobodová, Iva, 1975-
Korporativní autor: Masarykova univerzita
Jazyk: Portugalština
Čeština
Vydáno: Brno : Masarykova univerzita, 2014
Vydání: 1. vyd.
Témata:
Externí odkaz: Online verze
Fyzický popis: 201 s. ; 24 cm
Knihy
Uloženo v:
LEADER 02216cam a2200541 a 4500
001 nkc20142627730
003 CZ PrNK
005 20210831125716.0
007 ta
008 140919s2014 xr e p 000 0 cze d
015 |a cnb002627730 
020 |a 978-80-210-7007-3  |q (brož.) 
035 |a (OCoLC)900135881 
040 |a PNA001  |b cze  |d OLA001  |d ABA001 
041 0 |a cze  |a por 
072 7 |a 811.134  |x Iberorománské jazyky  |2 Konspekt  |9 11 
072 7 |a 37.016  |x Učební osnovy. Vyučovací předměty. Učebnice  |2 Konspekt  |9 22 
080 |a 811.134.3  |2 MRF 
080 |a 81'366  |2 MRF 
080 |a 81'367.6  |2 MRF 
080 |a (075.8)  |2 MRF 
100 1 |a Svobodová, Iva,  |d 1975-  |7 mzk2010576785  |4 aut 
245 1 0 |a Morfologie současného portugalského jazyka.  |n I,  |p Slovní druhy neslovesné /  |c Iva Svobodová 
246 3 0 |a Slovní druhy neslovesné 
250 |a 1. vyd. 
260 |a Brno :  |b Masarykova univerzita,  |c 2014 
300 |a 201 s. ;  |c 24 cm 
500 |a 470 výt. 
504 |a Obsahuje bibliografii a bibliografické odkazy 
521 8 |a Určeno zejména posluchačům portugalštiny ÚRJL FFMU v Brně 
650 0 7 |a portugalština  |7 ph124382  |2 czenas 
650 0 7 |a morfologie (lingvistika)  |7 ph139266  |2 czenas 
650 0 7 |a slovní druhy  |7 ph164929  |2 czenas 
650 0 9 |a Portuguese language  |2 eczenas 
650 0 9 |a morphology (linguistics)  |2 eczenas 
650 0 9 |a parts of speech  |2 eczenas 
655 7 |a učebnice vysokých škol  |7 fd133772  |2 czenas 
655 9 |a textbooks (higher)  |2 eczenas 
710 2 |a Masarykova univerzita  |7 kn20010709056 
856 4 1 |3 Online verze  |u https://digilib.phil.muni.cz/handle/11222.digilib/130710  |4 N 
910 2 |a BOA001  |b 2-1336.042 
990 |a BK 
995 |a 01 
991 |b 201411  |c NOV  |j 811.13 SVO  |e n 
996 6 |b 2610612398  |c 2-1336.042  |l MZK  |r Sklad / do 1 hodiny  |n 0  |p p.v.  |w 001468268  |u 000010  |a 1  |e BOA001  |j MZK50  |s P 
996 7 |b 2610612399  |c 2-1336.042  |l MZK  |r Sklad / do 1 hodiny  |n 1  |p p.v.  |w 001468268  |u 000020  |a 1  |e BOA001  |j MZK50  |s A 
996 7 |b 2610612444  |c 2-1336.042  |l MZK  |r Sklad / do 1 hodiny  |n 0  |p kup  |w 001468268  |u 000030  |a 1  |e BOA001  |j MZK50  |s A 
996 7 |b 2610612445  |c 2-1336.042  |l MZK  |r Sklad / do 1 hodiny  |n 0  |p kup  |w 001468268  |u 000040  |a 1  |e BOA001  |j MZK50  |s A